00589nam a2200157 a 450000100100000000500170001000800410002704000250006808200140009310000250010724500330013226000500016530000290021595201700024499900170041400003310920200930070032.0110817s1924 dr a 000 0 spa d aDO-SdBNPbspacBNPHU axxxbD5421 aDíaz, Matos95877910aCaricaturas /cMatos Díaz. aSabto Domingo :bLa cuna de América,c1924. a[54 p.] :bil. ;c25 cm. 001050718RVaPDbPDcCTd2011-08-17iLF1l0oxxx D542p33109-10r2020-06-25w2020-06-25y1zPerteneció a la biblioteca personal de Martínez BoogZNo se presta c32600d32600